Movies Quiz

Random Movies Quiz
Score 0/30 Timer 10:00
0 Plays Today
Year Title % Correct
2018 (voice only)Incredibles 2
93.5%
1993The Piano
90.2%
2004 (voice only)The Incredibles
85.6%
1987Raising Arizona
84.3%
1987Broadcast News
79.7%
1993The Firm
79.7%
2017The Big Sick
68.5%
2016Batman v Superman: Dawn of Justice
66.7%
2003Thirteen
64.1%
1995Copycat
63.4%
1989Always
56.9%
2000O Brother, Where Art Thou?
54.2%
1995Home for the Holidays
50.3%
1989Miss Firecracker
44.4%
1998Living Out Loud
43.8%
Year Title % Correct
2004Little Black Book
43.1%
2017Song to Song
42.4%
1996Crash
41.8%
1991Once Around
39.2%
1984Swing Shift
37.3%
2002Moonlight Mile
35.9%
2015Manglehorn
33.1%
1997A Life Less Ordinary
32.7%
1987End of the Line
29.4%
2000Time Code
28.1%
2005Nine Lives
28.1%
2012Won't Back Down
27.5%
2003Levity
25.5%
2000Jesus' Son
24.8%
1989Animal Behavior
24.2%
Remove Ads.
Support Sporcle.
Get the best of Sporcle when you Go Orange. This ad-free experience offers more features, more stats, and more fun while also helping to support Sporcle. Thank you for becoming a member.

You're not logged in!

Compare scores with friends on all Sporcle quizzes.
OR
Log In

Show Comments

Extras

Created Dec 30, 2014SourceReportNominate
Tags:Character, Holly, Hunter

Top Quizzes Today


Score Distribution

Your Account Isn't Verified!

In order to create a playlist on Sporcle, you need to verify the email address you used during registration. Go to your Sporcle Settings to finish the process.

Report this User

Report this user for behavior that violates our Community Guidelines.

Details: